[Event "Valasska Bystrice op"]
[Site "Valasska Bystrice"]
[Date "2017.09.12"]
[Round "5"]
[White "Smutek, Vladimir"]
[Black "Kamarad, Frantisek"]
[Result "0-1"]
[WhiteElo "1694"]
[BlackElo "1828"]
[PlyCount "44"]
[EventDate "2017.09.09"]
[EventType "swiss"]
[EventRounds "9"]
[EventCountry "CZE"]
[SourceTitle "CBM 180 Extra"]
[Source "ChessBase"]
[SourceDate "2017.10.06"]
[SourceVersion "1"]
[SourceVersionDate "2017.10.06"]
[SourceQuality "1"]

1. e4 d5 2. exd5 Qxd5 3. d4 Nc6 4. Be3 e5 5. Nf3 Bg4 6. Be2 0-0-0 7. c3 e4 8. Nfd2 Bxe2 9. Qxe2 Kb8 10. 0-0 Nf6 11. a3 h5 12. c4 Qf5 13. d5 Ne5 14. f3 exf3 15. Nxf3 Nfg4 16. Nc3 Nxe3 17. Qxe3 Nxc4 18. Qc1 Bc5+ 19. Kh1 Ne3 20. Re1 Nc2 21. Re5 Qd3 22. Ne1 Qf1# 0-1

[Event "Valasska Bystrice op"]
[Site "Valasska Bystrice"]
[Date "2015.09.19"]
[Round "9"]
[White "Molnar, Ladislav"]
[Black "Kamarad, Frantisek"]
[Result "0-1"]
[WhiteElo "1803"]
[BlackElo "1841"]
[PlyCount "114"]
[EventDate "2015.09.12"]
[EventType "swiss"]
[EventRounds "9"]
[EventCountry "CZE"]
[SourceTitle "EXT 2016"]
[Source "ChessBase"]
[SourceDate "2015.10.08"]
[SourceVersion "1"]
[SourceVersionDate "2015.10.08"]
[SourceQuality "1"]

1. e4 d5 2. exd5 Nf6 3. d4 Nxd5 4. Nf3 g6 5. Bc4 Bg7 6. c3 0-0 7. 0-0 Bg4 8. h3 Be6 9. Qb3 b6 10. Ng5 Nc6 11. Nxe6 fxe6 12. Re1 Na5 13. Qa4 Nxc4 14. Qxc4 Qd6 15. Qe2 Rf6 16. Na3 Nf4 17. Qe4 Raf8 18. Nc4 Qd5 19. Bxf4 Qxc4 20. Bg3 h6 21. a3 c5 22. Rad1 Qb3 23. Rd2 cxd4 24. cxd4 Qd5 25. Qxd5 exd5 26. Rxe7 R6f7 27. Rxf7 Kxf7 28. Kf1 Rc8 29. Bf4 h5 30. Ke2 Rc1 31. Kf3 Rc4 32. Be3 Ke6 33. Ke2 a5 34. Kd3 a4 35. Rc2 b5 36. Rxc4 bxc4+ 37. Kc3 Bf8 38. Bf4 Kf5 39. Bc7 Ke4 40. Bb6 Bg7 41. Bc5 Bf6 42. Bb6 Be7 43. Bc7 Bf6 44. f3+ Ke3 45. Be5 Be7 46. f4 h4 47. Kc2 Kf2 48. Kd2 Kxg2 49. Ke2 Kxh3 50. Kf3 Bxa3 51. bxa3 c3 52. Ke2 Kg2 53. Kd3 h3 54. f5 gxf5 55. Kxc3 h2 56. Bxh2 Kxh2 57. Kd3 f4 0-1

[Event "Valasska Bystrice op"]
[Site "Valasska Bystrice"]
[Date "2015.09.17"]
[Round "7"]
[White "Bartosek, Ivan"]
[Black "Kamarad, Frantisek"]
[Result "0-1"]
[WhiteElo "1777"]
[BlackElo "1841"]
[PlyCount "90"]
[EventDate "2015.09.12"]
[EventType "swiss"]
[EventRounds "9"]
[EventCountry "CZE"]
[SourceTitle "EXT 2016"]
[Source "ChessBase"]
[SourceDate "2015.10.08"]
[SourceVersion "1"]
[SourceVersionDate "2015.10.08"]
[SourceQuality "1"]

1. e4 d5 2. exd5 Nf6 3. c4 c6 4. dxc6 Nxc6 5. Nc3 e5 6. Nf3 e4 7. Ng5 Bf5 8. f3 exf3 9. gxf3 Bc5 10. Qe2+ Be7 11. d3 Nd4 12. Qf2 h6 13. Be3 Nc6 14. Nh3 Bxh3 15. Bxh3 Qxd3 16. Bf1 Qf5 17. 0-0-0 Rd8 18. Be2 0-0 19. Rhg1 Nb4 20. Bf1 Rxd1+ 21. Kxd1 Rd8+ 22. Kc1 Ne8 23. a3 Nd3+ 24. Bxd3 Rxd3 25. Bxh6 Bc5 26. Qe2 Bxg1 27. Qxe8+ Kh7 28. Bd2 Rxf3 29. h4 Rf1+ 30. Nd1 Qf3 31. Qa4 Be3 32. Qc2+ Kh6 33. Bxe3+ Qxe3+ 34. Kb1 Qf3 35. Kc1 Qxd1+ 36. Qxd1 Rxd1+ 37. Kxd1 Kh5 38. b4 Kxh4 39. c5 Kg5 40. b5 Kf6 41. a4 Ke6 42. a5 Kd7 43. Ke2 a6 44. c6+ bxc6 45. bxa6 Kc7 0-1

[Event "Valasska Bystrice op"]
[Site "Valasska Bystrice"]
[Date "2015.09.13"]
[Round "3"]
[White "Glacner, Karel"]
[Black "Kamarad, Frantisek"]
[Result "0-1"]
[WhiteElo "1556"]
[BlackElo "1841"]
[PlyCount "102"]
[EventDate "2015.09.12"]
[EventType "swiss"]
[EventRounds "9"]
[EventCountry "CZE"]
[SourceTitle "EXT 2016"]
[Source "ChessBase"]
[SourceDate "2015.10.08"]
[SourceVersion "1"]
[SourceVersionDate "2015.10.08"]
[SourceQuality "1"]

1. d4 d5 2. Nf3 Nc6 3. Nbd2 Bf5 4. c3 Nf6 5. e3 e6 6. Bb5 Bd6 7. Ne5 Bxe5 8. dxe5 Nd7 9. g4 Bg6 10. Nf3 a6 11. Bxc6 bxc6 12. Qd4 c5 13. Qf4 0-0 14. 0-0 f6 15. Qg3 f5 16. g5 Bh5 17. Ne1 Be2 18. Ng2 Bxf1 19. Kxf1 c4 20. b3 cxb3 21. axb3 Nc5 22. Nf4 Re8 23. Nh5 Ne4 24. Qg2 Qxg5 25. Qxg5 Nxg5 26. Ke2 Reb8 27. b4 a5 28. Bb2 a4 29. Rg1 h6 30. h4 a3 31. Ba1 Nf7 32. Rxg7+ Kf8 33. f4 c5 34. Rg1 cxb4 35. cxb4 Rxb4 36. Ng7 Ra6 37. Nh5 a2 38. Rd1 Rb1 39. Nf6 Kg7 40. Ne8+ Kh8 41. Nf6 Rab6 42. Rd3 Rxa1 43. Ra3 Rb2+ 44. Kd3 Rb8 45. Ra7 Rd1+ 46. Ke2 a1Q 47. Rxf7 Re1+ 48. Kf2 Rb2+ 49. Kf3 Rxe3+ 50. Kxe3 Qa3+ 51. Kd4 Rd2# 0-1

[Event "Valasska Bystrice op"]
[Site "Valasska Bystrice"]
[Date "2015.09.13"]
[Round "2"]
[White "Kamarad, Frantisek"]
[Black "Korinek, Jaroslav"]
[Result "1-0"]
[WhiteElo "1841"]
[BlackElo "1702"]
[PlyCount "39"]
[EventDate "2015.09.12"]
[EventType "swiss"]
[EventRounds "9"]
[EventCountry "CZE"]
[SourceTitle "EXT 2016"]
[Source "ChessBase"]
[SourceDate "2015.10.08"]
[SourceVersion "1"]
[SourceVersionDate "2015.10.08"]
[SourceQuality "1"]

1. e4 e5 2. f4 exf4 3. Nf3 d6 4. d4 g5 5. Bc4 h6 6. Nc3 c6 7. 0-0 Bg7 8. Re1 Be6 9. d5 Bg4 10. h3 Bd7 11. e5 dxe5 12. Nxe5 Kf8 13. Nxf7 Qb6+ 14. Kh2 Rh7 15. dxc6 Bxc3 16. Qd6+ Kg7 17. bxc3 Qxc6 18. Qd4+ Nf6 19. Re2 Kf8 20. Ba3+ 1-0

[Event "Valasska Bystrice op"]
[Site "Valasska Bystrice"]
[Date "2014.09.14"]
[Round "3"]
[White "Juricek, Stanislav"]
[Black "Kamarad, Frantisek"]
[Result "1-0"]
[WhiteElo "2122"]
[BlackElo "1742"]
[PlyCount "65"]
[EventDate "2014.09.13"]
[EventType "swiss"]
[EventRounds "9"]
[EventCountry "CZE"]
[SourceTitle "CBM 162 Extra"]
[Source "ChessBase"]
[SourceDate "2014.10.17"]
[SourceVersion "1"]
[SourceVersionDate "2014.10.17"]
[SourceQuality "1"]

1. e4 d5 2. exd5 Nf6 3. d4 Nxd5 4. Nf3 g6 5. h3 Bg7 6. c4 Nb6 7. Nc3 0-0 8. Be3 c6 9. Qd2 Be6 10. b3 Re8 11. Be2 N8d7 12. 0-0 Nf6 13. Rfd1 Qd7 14. Ne5 Qd8 15. Bh6 Bh8 16. Qe3 Nfd7 17. Nf3 Nf6 18. Rd2 Qc8 19. Rad1 Rd8 20. Ng5 Bf5 21. Qxe7 Rd7 22. Qe3 Qe8 23. Qxe8+ Rxe8 24. g4 Be6 25. Nxe6 Rxe6 26. Bf3 Rde7 27. Be3 Nfd7 28. Kg2 f5 29. Rd3 Nf6 30. d5 cxd5 31. c5 fxg4 32. hxg4 Nc8 33. Nxd5 1-0

[Event "Kouty nad Desnou op-B"]
[Site "Kouty nad Desnou"]
[Date "2011.03.15"]
[Round "5"]
[White "Seiner, Frantisek"]
[Black "Kamarad, Frantisek"]
[Result "1-0"]
[WhiteElo "1797"]
[BlackElo "1633"]
[PlyCount "87"]
[EventDate "2011.03.12"]
[EventType "swiss"]
[EventRounds "9"]
[EventCountry "CZE"]
[SourceTitle "EXT 2014"]
[Source "ChessBase"]
[SourceDate "2013.11.20"]
[SourceVersion "1"]
[SourceVersionDate "2013.11.20"]
[SourceQuality "1"]

1. c4 e5 2. Nc3 Nf6 3. d3 Bb4 4. Qb3 Nc6 5. a3 Nd4 6. Qd1 Be7 7. e3 Ne6 8. Nf3 d6 9. Be2 0-0 10. 0-0 b6 11. b4 Bb7 12. Nd2 Ng5 13. e4 c6 14. Nf3 Nxf3+ 15. Bxf3 d5 16. Bg5 Nxe4 17. dxe4 Bxg5 18. exd5 cxd5 19. cxd5 a6 20. Qb3 Kh8 21. Rad1 f5 22. g3 e4 23. Bg2 Qf6 24. f4 Bh6 25. Rf2 g6 26. Rc2 Rfe8 27. Ne2 b5 28. Rc7 Qb6+ 29. Rc5 Bf8 30. Qc3+ Bg7 31. Qe3 Rad8 32. Kf2 Rd6 33. Nc3 Kg8 34. Ke2 Red8 35. Bf1 Bxc3 36. Qxc3 Bxd5 37. Ke1 Bb7 38. Rxd6 Qxd6 39. Be2 Qd7 40. Rc7 Rc8 41. Rxd7 Rxc3 42. Rxb7 Rxa3 43. Bd1 Ra2 44. Bb3+ 1-0

[Event "Kouty nad Desnou op-B"]
[Site "Kouty nad Desnou"]
[Date "2011.03.14"]
[Round "3"]
[White "Novak, Martin"]
[Black "Kamarad, Frantisek"]
[Result "0-1"]
[WhiteElo "1498"]
[BlackElo "1633"]
[PlyCount "52"]
[EventDate "2011.03.12"]
[EventType "swiss"]
[EventRounds "9"]
[EventCountry "CZE"]
[SourceTitle "EXT 2014"]
[Source "ChessBase"]
[SourceDate "2013.11.20"]
[SourceVersion "1"]
[SourceVersionDate "2013.11.20"]
[SourceQuality "1"]

1. e4 d5 2. exd5 Nf6 3. d4 Nxd5 4. c4 Nb6 5. Nf3 Bg4 6. Be3 e6 7. Be2 Nc6 8. h3 Bh5 9. 0-0 Bxf3 10. Bxf3 Qd7 11. Qd3 0-0-0 12. Bxc6 Qxc6 13. Nd2 f5 14. b3 h6 15. Nf3 g5 16. Ne5 Qe8 17. f4 g4 18. hxg4 fxg4 19. f5 Qh5 20. fxe6 Qxe5 21. d5 Bd6 22. Bf4 Bc5+ 23. Kh1 Qxe6 24. Qg3 Qd7 25. Be5 Rh7 26. Bf6 Rf8 0-1

[Event "Harrachov op-B"]
[Site "Harrachov"]
[Date "2009.10.31"]
[Round "9"]
[White "Kamarad, Frantisek"]
[Black "Sembera, Milan"]
[Result "1-0"]
[WhiteElo "1507"]
[BlackElo "1670"]
[PlyCount "45"]
[EventDate "2009.10.24"]
[EventType "swiss"]
[EventRounds "9"]
[EventCountry "CZE"]
[SourceTitle "EXT 2012"]
[Source "ChessBase"]
[SourceDate "2011.11.24"]
[SourceVersion "1"]
[SourceVersionDate "2011.11.24"]
[SourceQuality "1"]

1. e4 e6 2. d4 d5 3. Nc3 Bb4 4. Bd3 Bxc3+ 5. bxc3 c5 6. Bb5+ Nc6 7. e5 cxd4 8. cxd4 Qa5+ 9. Bd2 Qxb5 10. c3 Nge7 11. Ne2 Qb6 12. 0-0 0-0 13. Ng3 Qc7 14. Qg4 Kh8 15. Rae1 b6 16. Re3 Ba6 17. Rfe1 Qd8 18. Nh5 Ng6 19. Rh3 Rg8 20. Nf6 h6 21. Rxh6+ gxh6 22. Qh5 Rg7 23. Qxh6+ 1-0

[Event "Harrachov op-B"]
[Site "Harrachov"]
[Date "2009.10.27"]
[Round "5"]
[White "Kamarad, Frantisek"]
[Black "Sebo, Igor"]
[Result "0-1"]
[WhiteElo "1507"]
[BlackElo "1731"]
[PlyCount "44"]
[EventDate "2009.10.24"]
[EventType "swiss"]
[EventRounds "9"]
[EventCountry "CZE"]
[SourceTitle "EXT 2012"]
[Source "ChessBase"]
[SourceDate "2011.11.24"]
[SourceVersion "1"]
[SourceVersionDate "2011.11.24"]
[SourceQuality "1"]

1. e4 e5 2. f4 Bc5 3. Nf3 d6 4. Bc4 Nf6 5. Nc3 Nc6 6. h3 0-0 7. f5 Re8 8. d3 d5 9. Bg5 dxc4 10. Bxf6 Qxf6 11. Nd5 Qd8 12. dxc4 Nd4 13. c3 Nxf3+ 14. gxf3 c6 15. Nb4 Qh4+ 16. Kd2 Rd8+ 17. Nd3 Bxf5 18. exf5 Rxd3+ 19. Kxd3 Rd8+ 20. Kc2 Qf2+ 21. Kb3 Rxd1 22. Raxd1 h6 0-1

[Event "Harrachov op-B"]
[Site "Harrachov"]
[Date "2009.10.25"]
[Round "2"]
[White "Kamarad, Frantisek"]
[Black "Cesanek, Jaroslav"]
[Result "0-1"]
[WhiteElo "1507"]
[BlackElo "1776"]
[PlyCount "46"]
[EventDate "2009.10.24"]
[EventType "swiss"]
[EventRounds "9"]
[EventCountry "CZE"]
[SourceTitle "EXT 2012"]
[Source "ChessBase"]
[SourceDate "2011.11.24"]
[SourceVersion "1"]
[SourceVersionDate "2011.11.24"]
[SourceQuality "1"]

1. e4 e6 2. d4 d5 3. Nc3 Nf6 4. Bg5 Bb4 5. e5 h6 6. exf6 hxg5 7. fxg7 Rg8 8. Qd2 Qf6 9. Nf3 Qxg7 10. 0-0-0 a6 11. g4 Bd7 12. Bg2 Nc6 13. a3 Bd6 14. h3 Bf4 15. Qxf4 gxf4 16. Ne2 Qf6 17. g5 Rxg5 18. Nxg5 Qxg5 19. Bf3 Qh4 20. Rdg1 0-0-0 21. Rh2 Ne7 22. Rg4 Qh6 23. Rxf4 Ng6 0-1

[Event "Zdar nad Sazavou Vysocina op 6th"]
[Site "Zdar nad Sazavou"]
[Date "2009.10.03"]
[Round "9"]
[White "Kamarad, Frantisek"]
[Black "Ruzickova, Helena"]
[Result "0-1"]
[WhiteElo "1507"]
[BlackElo "1641"]
[PlyCount "64"]
[EventDate "2009.09.26"]
[EventType "swiss"]
[EventRounds "9"]
[EventCountry "CZE"]
[SourceTitle "CBM 132 Extra"]
[Source "ChessBase"]
[SourceDate "2009.11.03"]
[SourceVersion "1"]
[SourceVersionDate "2009.11.03"]
[SourceQuality "1"]

1. e4 g6 2. d4 d6 3. Bf4 Bg7 4. Nf3 Nf6 5. Nc3 c6 6. e5 Nh5 7. Qd2 Nxf4 8. Qxf4 0-0 9. 0-0-0 Qc7 10. Be2 d5 11. h4 h5 12. Nd2 f5 13. Qg5 Kh7 14. Bxh5 gxh5 15. Qxh5+ Bh6 16. f3 Qd7 17. Rdg1 Qe8 18. Qxe8 Rxe8 19. g4 Be3 20. Rg2 fxg4 21. fxg4 Bxd4 22. h5 Nd7 23. g5 Nxe5 24. Nd1 Ng4 25. Nf3 Bh8 26. g6+ Kh6 27. Nh2 Nxh2 28. Rhxh2 Bf5 29. Ne3 e6 30. c4 Bg7 31. b3 Rf8 32. Kd2 d4 0-1

[Event "Zdar nad Sazavou Vysocina op 6th"]
[Site "Zdar nad Sazavou"]
[Date "2009.09.28"]
[Round "4"]
[White "Kamarad, Frantisek"]
[Black "Rezny, Frantisek"]
[Result "0-1"]
[WhiteElo "1507"]
[BlackElo "1679"]
[PlyCount "56"]
[EventDate "2009.09.26"]
[EventType "swiss"]
[EventRounds "9"]
[EventCountry "CZE"]
[SourceTitle "CBM 132 Extra"]
[Source "ChessBase"]
[SourceDate "2009.11.03"]
[SourceVersion "1"]
[SourceVersionDate "2009.11.03"]
[SourceQuality "1"]

1. g4 c5 2. Bg2 d5 3. h3 e5 4. e3 Nf6 5. d4 cxd4 6. exd4 exd4 7. Qxd4 Nc6 8. Qa4 Bd7 9. Nc3 Nb4 10. Qb3 Qa5 11. Nge2 Bc6 12. 0-0 Bc5 13. Be3 0-0 14. a3 Bxe3 15. axb4 Bxf2+ 16. Rxf2 Qxa1+ 17. Rf1 Qa6 18. b5 Qb6+ 19. Kh1 d4 20. bxc6 Qxb3 21. cxb7 Rab8 22. cxb3 dxc3 23. bxc3 Rfe8 24. Nd4 Ne4 25. Re1 Ng3+ 26. Kh2 Rxe1 27. Kxg3 Re3+ 28. Kh4 Rxc3 0-1

[Event "CZE-ch Juniors op-B"]
[Site "Kouty nad Desnou"]
[Date "2009.03.09"]
[Round "3"]
[White "Lorenc, David"]
[Black "Kamarad, Frantisek"]
[Result "1-0"]
[WhiteElo "1655"]
[BlackElo "1302"]
[PlyCount "60"]
[EventDate "2009.03.07"]
[EventType "swiss"]
[EventRounds "9"]
[EventCountry "CZE"]
[SourceTitle "EXT 2011"]
[Source "ChessBase"]
[SourceDate "2010.11.26"]
[SourceVersion "1"]
[SourceVersionDate "2010.11.26"]
[SourceQuality "1"]

1. e4 d5 2. exd5 Nf6 3. d4 Nxd5 4. c4 Nb6 5. h3 g6 6. Nf3 Bg7 7. Nc3 0-0 8. Be3 f6 9. Be2 Nc6 10. 0-0 e5 11. dxe5 fxe5 12. Qxd8 Nxd8 13. Rfd1 Ne6 14. c5 Nd7 15. Bc4 Nf6 16. Ng5 Re8 17. Nb5 Re7 18. Nxe6 Bxe6 19. Bxe6+ Rxe6 20. Nxc7 Rae8 21. Nxe6 Rxe6 22. Rd8+ Ne8 23. Rb8 Re7 24. Rd1 Bf6 25. Rd3 Kf8 26. c6 e4 27. Rd7 bxc6 28. Bc5 h5 29. Bxe7+ Bxe7 30. Rxa7 Bc5 1-0

[Event "Sec Almed op"]
[Site "Sec u Chrudimi"]
[Date "2008.10.30"]
[Round "7"]
[White "Kamarad, Frantisek"]
[Black "Kratky, Josef"]
[Result "0-1"]
[WhiteElo "1318"]
[BlackElo "1469"]
[PlyCount "82"]
[EventDate "2008.10.25"]
[EventType "swiss"]
[EventRounds "9"]
[EventCountry "CZE"]
[SourceTitle "EXT 2022"]
[Source "ChessBase"]
[SourceDate "2021.10.06"]
[SourceVersion "1"]
[SourceVersionDate "2021.10.06"]
[SourceQuality "1"]

1. e4 e6 2. d4 d5 3. exd5 exd5 4. Nf3 Nf6 5. Nc3 Bd6 6. Bg5 c6 7. Bd3 0-0 8. 0-0 Bg4 9. h3 Bh5 10. Re1 Nbd7 11. Bf5 Qc7 12. Qd3 Bxf3 13. Qxf3 h6 14. Bxd7 Nxd7 15. Bd2 Nf6 16. Ne2 Ne4 17. Be3 f5 18. Nf4 Qd7 19. Qh5 Qe8 20. Qxe8 Raxe8 21. f3 Nf6 22. Nd3 g5 23. f4 gxf4 24. Bxf4 Bxf4 25. Nxf4 Ne4 26. Rad1 Kh7 27. Nd3 Re7 28. Nc5 Rg8 29. Rd3 Reg7 30. Re2 Rf7 31. Ne6 Ng5 32. Nf4 Ne4 33. Nh5 f4 34. Rf3 Ng5 35. Nxf4 Nxf3+ 36. Kh1 Nxd4 37. Rf2 Ne6 38. Nd3 Rxf2 39. Nxf2 Rf8 40. Ng4 h5 41. Ne5 Rf2 0-1

[Event "Sec Almed op"]
[Site "Sec u Chrudimi"]
[Date "2008.10.29"]
[Round "6"]
[White "Srostlik, Zdenek"]
[Black "Kamarad, Frantisek"]
[Result "1/2-1/2"]
[WhiteElo "1677"]
[BlackElo "1318"]
[PlyCount "38"]
[EventDate "2008.10.25"]
[EventType "swiss"]
[EventRounds "9"]
[EventCountry "CZE"]
[SourceTitle "EXT 2022"]
[Source "ChessBase"]
[SourceDate "2021.10.06"]
[SourceVersion "1"]
[SourceVersionDate "2021.10.06"]
[SourceQuality "1"]

1. e4 d5 2. exd5 Nf6 3. Nf3 Nxd5 4. d4 Bg4 5. Be2 e6 6. 0-0 Bd6 7. Re1 0-0 8. Nc3 c6 9. Nxd5 cxd5 10. c3 Nc6 11. Bd3 Qc7 12. h3 Bf5 13. Be3 Bxd3 14. Qxd3 Rae8 15. Rac1 e5 16. dxe5 Nxe5 17. Nxe5 Bxe5 18. Bd4 Bf4 19. Be3 Be5 1/2-1/2

[Event "Sec Almed op"]
[Site "Sec u Chrudimi"]
[Date "2008.10.28"]
[Round "4"]
[White "Starychfojtu, Josef"]
[Black "Kamarad, Frantisek"]
[Result "1-0"]
[WhiteElo "1529"]
[BlackElo "1318"]
[PlyCount "113"]
[EventDate "2008.10.25"]
[EventType "swiss"]
[EventRounds "9"]
[EventCountry "CZE"]
[SourceTitle "EXT 2022"]
[Source "ChessBase"]
[SourceDate "2021.10.06"]
[SourceVersion "1"]
[SourceVersionDate "2021.10.06"]
[SourceQuality "1"]

1. e4 d5 2. exd5 Nf6 3. d4 Nxd5 4. Nf3 Bg4 5. Nc3 e6 6. Be2 Bb4 7. Bd2 0-0 8. Ne4 Bxd2+ 9. Nexd2 Nc6 10. c3 Qe7 11. 0-0 f6 12. Qb3 Nf4 13. Rfe1 Rab8 14. Bf1 Nd5 15. g3 Kh8 16. Bg2 Nb6 17. h3 Bh5 18. Rxe6 Qd7 19. Re2 Bf7 20. Qd1 Na5 21. b3 Nc6 22. Ne4 Bd5 23. Nc5 Qf5 24. Nh4 Qg5 25. Ne6 Bxe6 26. Rxe6 Rfe8 27. Re2 Rbd8 28. Qc2 Rxe2 29. Qxe2 Nd5 30. Re1 h6 31. Qd3 Nde7 32. Re4 Ne5 33. Qc2 N5c6 34. Rg4 Qh5 35. Bf3 Qf7 36. Nf5 h5 37. Rxg7 Qf8 38. Nxe7 Qxg7 39. Ng6+ Kg8 40. Bxh5 Qh7 41. Bg4 Kg7 42. Bf5 Rd5 43. Ne7 Rxf5 44. Nxf5+ Kf8 45. h4 Ne7 46. Ne3 Qxc2 47. Nxc2 Kf7 48. Kg2 Kg6 49. g4 f5 50. f3 Nd5 51. c4 Nc3 52. a3 Nb1 53. Kg3 Nd2 54. Na1 fxg4 55. fxg4 Ne4+ 56. Kf4 Nd6 57. Nc2 1-0